[Event "London PD/GLC Knights"]
[Site "London, County Hall"]
[Date "1984.05.05"]
[Round "10"]
[White "Nicholson, John G"]
[Black "Large, Peter G"]
[Result "0-1"]
[WhiteElo "2260"]
[BlackElo "2295"]
[PlyCount "80"]
[EventDate "1984.04.26"]
[EventType "tourn"]
[EventRounds "15"]
[EventCountry "ENG"]
[EventCategory "4"]
[SourceTitle "BritBase"]
[Source "John Saunders"]
[SourceDate "2020.09.07"]
[SourceVersion "1"]
[SourceVersionDate "2020.09.07"]
[SourceQuality "2"]

1. e4 e5 2. Nf3 Nc6 3. Bb5 f5 4. d3 fxe4 5. dxe4 Nf6 6. O-O Bc5 7. c3 O-O 8. b4
Bb6 9. a4 a5 10. Na3 axb4 11. Nc4 Ba7 12. cxb4 d6 13. Bg5 Nd4 14. Ne3 Kh8 15.
Nxd4 Bxd4 16. Ra3 c6 17. Be2 Qb6 $17 18. Qb1 Be6 19. a5 Qa7 20. Bf3 h6 21. Bxf6
Rxf6 22. Qc2 Raf8 23. a6 Qb6 24. Nf5 bxa6 25. Nxd4 exd4 26. Rfa1 Bc8 27. Qc4 c5
28. bxc5 dxc5 29. e5 Rf5 30. Bg4 Rxe5 31. Bxc8 Rxc8 32. Rf1 d3 33. Rxa6 Qb7 34.
f4 Re7 35. f5 Qe4 36. Qc3 Qe3+ 37. Kh1 d2 38. Qxe3 Rxe3 39. Rd6 Re2 40. Kg1 c4
0-1

[Event "London PD/GLC Knights"]
[Site "London, County Hall"]
[Date "1984.05.06"]
[Round "11"]
[White "Hartoch, Robert"]
[Black "Fischdick, Gisela"]
[Result "1-0"]
[WhiteElo "2355"]
[BlackElo "2215"]
[PlyCount "83"]
[EventDate "1984.04.26"]
[EventType "tourn"]
[EventRounds "15"]
[EventCountry "ENG"]
[EventCategory "4"]
[SourceTitle "BritBase"]
[Source "John Saunders"]
[SourceDate "2020.09.07"]
[SourceVersion "1"]
[SourceVersionDate "2020.09.07"]
[SourceQuality "2"]

1. e4 e6 2. d4 d5 3. Nc3 Nc6 4. Nf3 Nf6 5. e5 Ne4 6. Bd3 Bb4 7. Bd2 Nxd2 8.
Qxd2 b6 9. O-O Bb7 10. a3 Be7 11. b4 Qd7 12. Rfe1 O-O-O 13. Qe2 g5 14. Bb5 Kb8
15. Qd3 h5 16. Nd2 g4 17. Nb3 h4 18. Rab1 Ka8 19. Ne2 Qc8 20. Qc3 Qd7 21. Nf4
Rdg8 22. Bf1 Nb8 23. a4 Qxa4 24. Nd3 Qc6 25. Qa1 Ba6 26. c3 g3 27. fxg3 h3 28.
Re3 hxg2 29. Kxg2 Rh6 30. Nf2 Bxf1+ 31. Rxf1 Qb5 32. Qd1 Nd7 33. Qd3 Qa4 34.
Ra1 Qc6 35. Re2 Qc4 36. Rea2 Kb7 37. Rxa7+ Kc6 38. b5+ Kxb5 39. Rxc7 Qxd3 40.
Nxd3 Rd8 41. Rb1 Ka6 42. Ra1+ 1-0

[Event "London PD/GLC Knights"]
[Site "London, County Hall"]
[Date "1984.05.06"]
[Round "11"]
[White "Johansen, Darryl Keith"]
[Black "Crouch, Colin S"]
[Result "1-0"]
[WhiteElo "2475"]
[BlackElo "2300"]
[PlyCount "105"]
[EventDate "1984.04.26"]
[EventType "tourn"]
[EventRounds "15"]
[EventCountry "ENG"]
[EventCategory "4"]
[SourceTitle "BritBase"]
[Source "John Saunders"]
[SourceDate "2020.09.07"]
[SourceVersion "1"]
[SourceVersionDate "2020.09.07"]
[SourceQuality "2"]

1. c4 e6 2. Nf3 Nf6 3. g3 d5 4. Bg2 g6 5. O-O Bg7 6. d4 O-O 7. Qc2 b6 8. Bf4
Bb7 9. cxd5 Nxd5 10. Bg5 Qd7 11. Qd2 Nc6 12. Bh6 Rad8 13. Bxg7 Kxg7 14. Nc3 Nf6
15. Rfd1 Qe7 16. Qf4 Nd5 17. Nxd5 exd5 18. Rac1 Rd6 19. Qd2 Nd8 20. Rc2 c6 21.
Rdc1 Bc8 22. Ne5 Qf6 23. Rc3 Bf5 24. b4 h5 25. h4 Re8 26. a4 Kh7 27. a5 Ree6
28. axb6 axb6 29. b5 cxb5 30. Rc7 Re7 31. Qb4 Rxc7 32. Rxc7 Kg8 33. Qxb5 Qe6
34. Kh2 f6 35. Nc6 Nxc6 36. Rxc6 Be4 37. Bh3 Bf5 38. Bxf5 gxf5 39. Rc7 f4 40.
gxf4 f5 41. Rc3 Kh7 42. Rg3 Kh6 43. Rg5 Qe4 44. e3 Qc2 45. Kg3 Qc8 46. Qe2 Qe8
47. Rxf5 b5 48. Qd2 Qg6+ 49. Rg5 Qb1 50. Kh2 Rg6 51. Qc3 Qf1 52. Qc2 Rg7 53.
Qc6+ 1-0

[Event "London PD/GLC Knights"]
[Site "London, County Hall"]
[Date "1984.05.06"]
[Round "11"]
[White "Large, Peter G"]
[Black "Lawton, Geoffrey W"]
[Result "1/2-1/2"]
[WhiteElo "2295"]
[BlackElo "2395"]
[PlyCount "145"]
[EventDate "1984.04.26"]
[EventType "tourn"]
[EventRounds "15"]
[EventCountry "ENG"]
[EventCategory "4"]
[SourceTitle "BritBase"]
[Source "John Saunders"]
[SourceDate "2020.09.07"]
[SourceVersion "1"]
[SourceVersionDate "2020.09.07"]
[SourceQuality "2"]

1. e4 d6 2. d4 Nf6 3. Nc3 g6 4. f4 Bg7 5. Nf3 O-O 6. e5 Nfd7 7. h4 c5 8. h5
cxd4 9. Qxd4 dxe5 10. Qf2 e4 11. Ng5 Nf6 12. hxg6 hxg6 13. Qh4 Qd4 14. Ngxe4
Rd8 15. Bd3 Bf5 16. Nxf6+ Qxf6 17. Qxf6 Bxf6 18. Bxf5 gxf5 19. Bd2 Nc6 20.
O-O-O Bxc3 21. Bxc3 f6 22. Rh5 Rxd1+ 23. Kxd1 Kf7 24. Rxf5 Rg8 25. Rd5 Ke6 26.
Rd2 Kf5 27. Rf2 Rg4 28. Bd2 Nd4 29. Be3 Nc6 30. Ke1 Ke6 31. Re2 Kd7 32. Rd2+
Kc7 33. Kf2 Rg8 34. f5 Rg4 35. g3 Ra4 36. a3 Ra5 37. g4 Ra4 38. Kg3 Rc4 39. c3
a5 40. Bf4+ Kc8 41. Kf3 Rc5 42. Ke4 Rc4+ 43. Ke3 Rc5 44. Kd3 a4 45. c4 Na5 46.
Rc2 Kd7 47. Bd2 Nc6 48. Bc3 Nb8 49. Rh2 Nc6 50. Rh8 Ne5+ 51. Bxe5 Rxe5 52. Ra8
b5 53. cxb5 Rxb5 54. Rxa4 Rxb2 55. Rd4+ Kc6 56. a4 Ra2 57. Kc3 Ra1 58. Kb4 Re1
59. Rc4+ Kb7 60. Kc3 Kb6 61. Kd3 Rd1+ 62. Ke2 Rd7 63. Kf3 Rd1 64. Re4 Rd7 65.
g5 fxg5 66. Kg4 Kc7 67. Kxg5 Kd8 68. Kg6 Rd5 69. Rb4 Ra5 70. Rb5 $2 Rxa4 71.
Kf7 Ra7 72. Rb4 Rc7 73. Rh4 1/2-1/2

[Event "London PD/GLC Knights"]
[Site "London, County Hall"]
[Date "1984.05.06"]
[Round "11"]
[White "Littlewood, Paul E"]
[Black "Nicholson, John G"]
[Result "1-0"]
[WhiteElo "2435"]
[BlackElo "2260"]
[Annotator "Littlewood,PE"]
[PlyCount "61"]
[EventDate "1984.04.26"]
[EventType "tourn"]
[EventRounds "15"]
[EventCountry "ENG"]
[EventCategory "4"]
[SourceTitle "BritBase"]
[Source "John Saunders"]
[SourceDate "2020.09.07"]
[SourceVersion "1"]
[SourceVersionDate "2020.09.07"]
[SourceQuality "2"]

1. e4 c5 2. Nf3 e6 3. d4 cxd4 4. Nxd4 Nf6 5. Nc3 d6 6. Be2 Be7 7. O-O O-O 8.
Be3 a6 9. f4 Qc7 10. Qe1 b5 11. a3 Bb7 12. Bf3 $146 (12. Bd3) 12... Nc6 (12...
Nbd7 13. Bf2 {/\ g4}) 13. Qg3 Rad8 {(/\ d5)} 14. Kh1 Na5 $5 15. e5 $5 (15. Rad1
$5 Nc4 16. Bc1 d5 $2 (16... Nxa3 $2 17. e5 $1 dxe5 18. fxe5 Bxf3 19. exf6 $18)
(16... Kh8 $5 $14) 17. e5 $1 Ne4 18. Bxe4 dxe4 19. f5 $16) 15... Ne8 (15... Nd7
$2 16. Bxb7 Nxb7 (16... Qxb7 17. f5 $1 dxe5 18. Bh6 Bf6 19. fxe6 exd4 20. Rxf6
g6 21. e7 $18) 17. Nd5 $1 exd5 18. Nf5 $16) 16. Bxb7 Qxb7 17. Rad1 g6 $2 (17...
Nc4 18. Bc1 dxe5 19. fxe5 $14 {()}) 18. f5 $1 dxe5 19. fxg6 hxg6 20. Nxe6 $1
Rxd1 $1 (20... fxe6 $2 21. Qxg6+ Ng7 22. Bh6 Rxf1+ 23. Rxf1 Bf8 24. Ne4 $18)
21. Rxd1 fxe6 22. Qxg6+ Ng7 23. Ne4 $1 (23. Bh6 $2 Bf6 24. Ne4 Qf7 $1 25. Qg4
$140 $2 Bg5 $3 $19) 23... Nc4 (23... Bd8 $2 24. Rxd8 $1 Rxd8 25. Nf6+ Kf8 26.
Bc5+ $18) (23... Rf5 24. Bh6 Bf8 25. Nf6+ Rxf6 26. Qxf6 $16) (23... Rf7 24. h4
$1 $36 Bxh4 $140 $2 25. Bg5 $18) 24. Bh6 Bh4 $1 (24... Bd8 25. h4 Nxb2 26. Rxd8
$1 Rxd8 27. Ng5 Rd1+ 28. Kh2 Qd7 29. Qh7+ Kf8 30. Bxg7+ Ke7 31. Bxe5+ Kd8 32.
Qh8+ Qe8 33. Nxe6+ Kd7 (33... Ke7 34. Bf6+ $18) 34. Nc5+ Kd8 35. Bf6+ $18) (
24... Rf7 25. h4 $36) 25. h3 $1 (25. Bg5 $2 Qd5 $1 26. Rg1 Rf5 $1 $13) 25...
Qf7 26. Qg4 Bd8 27. Rd3 (27. b3 $1 Nxa3 28. Rd3 $18) 27... Kh7 (27... Bb6 28.
Kh2 Ne3 $8 29. Bxe3 Bxe3 30. Rxe3 Qf4+ 31. Rg3 $18) 28. Rxd8 $1 Kxh6 (28...
Rxd8 29. Ng5+ $18) 29. Rxf8 Qxf8 30. Qg5+ Kh7 31. Nf6+ 1-0

[Event "London PD/GLC Knights"]
[Site "London, County Hall"]
[Date "1984.05.06"]
[Round "11"]
[White "McKay, Roderick M"]
[Black "Arkell, Keith C"]
[Result "0-1"]
[WhiteElo "2355"]
[BlackElo "2295"]
[PlyCount "118"]
[EventDate "1984.04.26"]
[EventType "tourn"]
[EventRounds "15"]
[EventCountry "ENG"]
[EventCategory "4"]
[SourceTitle "BritBase"]
[Source "John Saunders"]
[SourceDate "2020.09.07"]
[SourceVersion "1"]
[SourceVersionDate "2020.09.07"]
[SourceQuality "2"]

1. e4 c6 2. d4 d5 3. exd5 cxd5 4. c4 Nf6 5. Nc3 e6 6. Nf3 Be7 7. cxd5 Nxd5 8.
Bd3 Nc6 9. O-O O-O 10. a3 Bf6 11. Bc2 g6 12. Bh6 Re8 13. Ne4 Bg7 14. Bxg7 Kxg7
15. Ba4 Qb6 16. Qd2 Rd8 17. h4 Bd7 18. Nc5 Nf6 19. Rac1 Be8 20. Bb3 Rd6 21.
Rfd1 Rad8 22. Qe3 Na5 23. Rc3 Bc6 24. Ng5 Nxb3 25. Nxb3 h6 26. Nc5 hxg5 27.
hxg5 Ng8 28. Qe5+ Kf8 29. Rb3 Rd5 30. Qh8 Qc7 31. Ne4 Qf4 32. Re1 Rxg5 33. Nxg5
Qxg5 34. Rg3 Qh5 35. Qxh5 gxh5 36. Re5 Nf6 37. Rd3 Ke7 38. f3 Nd5 39. Rd1 Nf4
40. Kf2 h4 41. Rg5 f5 42. Rg7+ Kf6 43. Rh7 Ng6 44. Ke3 f4+ 45. Ke2 Rd5 46. Kf2
a5 47. a4 Kg5 48. Ke1 Rd8 49. b3 Bd5 50. Rd3 Rd6 51. Rc7 Rb6 52. Rc5 h3 53.
gxh3 Kh4 54. Kf2 Bxb3 55. Rxa5 Bc4 56. Rd2 Rb3 57. Kg2 Bd5 58. Rf2 Kg5 59. Rb5
Nh4+ 0-1

[Event "London PD/GLC Knights"]
[Site "London, County Hall"]
[Date "1984.05.07"]
[Round "12"]
[White "Britton, Richard"]
[Black "Condie, Mark L"]
[Result "0-1"]
[WhiteElo "2310"]
[BlackElo "2340"]
[PlyCount "66"]
[EventDate "1984.04.26"]
[EventType "tourn"]
[EventRounds "15"]
[EventCountry "ENG"]
[EventCategory "4"]
[SourceTitle "BritBase"]
[Source "John Saunders"]
[SourceDate "2020.09.07"]
[SourceVersion "1"]
[SourceVersionDate "2020.09.07"]
[SourceQuality "2"]

1. g3 d5 2. Bg2 Nf6 3. Nf3 Bf5 4. d3 h6 5. O-O e6 6. Nbd2 Be7 7. b3 O-O 8. Bb2
Bh7 9. Re1 c5 10. e4 Nc6 11. a3 a5 12. a4 Qc7 13. Qe2 c4 14. bxc4 dxe4 15. dxe4
Rac8 16. Rab1 Rfd8 17. Bc3 b6 18. Rb5 Nd7 19. Reb1 Nc5 20. Qe3 Nxa4 21. Bxg7 $2
Kxg7 22. Rh5 Rh8 23. Qxh6+ Kg8 24. Bh3 Nc5 25. Rb5 Qd8 26. Rbxc5 bxc5 27. Bxe6
fxe6 28. Qxe6+ Kg7 29. Qh6+ Kf7 30. Ng5+ Bxg5 31. Rxg5 Qf6 32. Qh5+ Bg6 33. Qg4
Ne5 0-1

[Event "London PD/GLC Knights"]
[Site "London, County Hall"]
[Date "1984.05.07"]
[Round "12"]
[White "Crouch, Colin S"]
[Black "Cox, John J"]
[Result "0-1"]
[WhiteElo "2300"]
[BlackElo "2350"]
[PlyCount "112"]
[EventDate "1984.04.26"]
[EventType "tourn"]
[EventRounds "15"]
[EventCountry "ENG"]
[EventCategory "4"]
[SourceTitle "BritBase"]
[Source "John Saunders"]
[SourceDate "2020.09.07"]
[SourceVersion "1"]
[SourceVersionDate "2020.09.07"]
[SourceQuality "2"]

1. d4 e6 2. Nf3 f5 3. h3 Nf6 4. g4 d5 5. Rg1 Nc6 6. gxf5 exf5 7. Bf4 Nh5 8. e3
Nxf4 9. exf4 Qe7+ 10. Qe2 Qxe2+ 11. Bxe2 g6 12. c3 Nd8 13. Ng5 Bd6 14. h4 Bxf4
15. h5 Bxg5 16. Rxg5 Ne6 17. Rg3 Bd7 18. Nd2 O-O-O 19. Nf3 f4 20. Rg1 Rhg8 21.
Ne5 g5 22. O-O-O h6 23. Rge1 Rg7 24. Bg4 Nf8 25. Nxd7 Nxd7 26. Re6 Rh8 27. Rde1
Kd8 28. Bf5 Rf8 29. Bg6 c6 30. f3 Rf6 31. Re8+ Kc7 32. b3 Nf8 33. Bd3 Rd7 34.
R1e5 Rd8 35. R8e7+ Rd7 36. c4 dxc4 37. bxc4 Rf7 38. Rxf7 Rxf7 39. Kd2 Kd8 40.
Be4 Re7 41. Ra5 a6 42. Ke2 Kc7 43. Kf2 Ne6 44. d5 Kb6 45. d6 Rd7 46. Rf5 Rxd6
47. Rf6 g4 48. fxg4 Ng5 49. c5+ Kxc5 50. Rf5+ Kc4 51. Bg2 Rd2+ 52. Kg1 f3 53.
Bf1+ Kd4 54. Rf6 Ke3 55. Rxh6 Kf4 56. Rf6+ Kg3 0-1

[Event "London PD/GLC Knights"]
[Site "London, County Hall"]
[Date "1984.05.07"]
[Round "12"]
[White "Lawton, Geoffrey W"]
[Black "Littlewood, Paul E"]
[Result "1/2-1/2"]
[WhiteElo "2395"]
[BlackElo "2435"]
[PlyCount "91"]
[EventDate "1984.04.26"]
[EventType "tourn"]
[EventRounds "15"]
[EventCountry "ENG"]
[EventCategory "4"]
[SourceTitle "BritBase"]
[Source "John Saunders"]
[SourceDate "2020.09.07"]
[SourceVersion "1"]
[SourceVersionDate "2020.09.07"]
[SourceQuality "2"]

1. d4 Nf6 2. c4 g6 3. Nc3 Bg7 4. e4 d6 5. Nf3 Bg4 6. Be2 Nfd7 7. Be3 Bxf3 8.
Bxf3 Nc6 9. d5 Na5 10. Be2 Bxc3+ 11. bxc3 e5 12. Qa4 b6 13. c5 dxc5 14. Bxc5
bxc5 15. Qxa5 O-O 16. O-O Nf6 17. Bf3 Qd6 18. Rfb1 c6 19. Qa6 Rfd8 20. dxc6
Rdc8 21. Rd1 Qe6 22. Qb7 Kg7 23. c7 Qe7 24. Be2 Qxc7 25. Qxc7 Rxc7 26. Rab1 Kf8
27. f3 Ke7 28. Kf2 Rd8 29. Rxd8 Kxd8 30. Rb8+ Ke7 31. Bb5 h5 32. h4 Kd6 33. Ke3
Ke7 34. Kd3 Nd7 35. Bxd7 c4+ 36. Kc2 Kxd7 37. Kb2 Ke6 38. Re8+ Kf6 39. Rd8 Rc5
40. Rd7 Rb5+ 41. Kc2 Ra5 42. Kb1 Ra6 43. Rc7 Rb6+ 44. Kc2 Ra6 45. Kb2 Rb6+ 46.
Kc2 1/2-1/2

[Event "London PD/GLC Knights"]
[Site "London, County Hall"]
[Date "1984.05.07"]
[Round "12"]
[White "Nicholson, John G"]
[Black "Hartoch, Robert"]
[Result "1/2-1/2"]
[WhiteElo "2260"]
[BlackElo "2355"]
[PlyCount "25"]
[EventDate "1984.04.26"]
[EventType "tourn"]
[EventRounds "15"]
[EventCountry "ENG"]
[EventCategory "4"]
[SourceTitle "BritBase"]
[Source "John Saunders"]
[SourceDate "2020.09.07"]
[SourceVersion "1"]
[SourceVersionDate "2020.09.07"]
[SourceQuality "2"]

1. e4 e5 2. Nf3 Nf6 3. Nxe5 d6 4. Nf3 Nxe4 5. d4 d5 6. Bd3 Nc6 7. O-O Be7 8. c4
Nb4 9. cxd5 Nxd3 10. Qxd3 Qxd5 11. Re1 Bf5 12. Nc3 Nxc3 13. Qxc3 1/2-1/2

[Event "London PD/GLC Knights"]
[Site "London, County Hall"]
[Date "1984.05.08"]
[Round "13"]
[White "Condie, Mark L"]
[Black "Fischdick, Gisela"]
[Result "1/2-1/2"]
[WhiteElo "2340"]
[BlackElo "2215"]
[PlyCount "50"]
[EventDate "1984.04.26"]
[EventType "tourn"]
[EventRounds "15"]
[EventCountry "ENG"]
[EventCategory "4"]
[SourceTitle "BritBase"]
[Source "John Saunders"]
[SourceDate "2020.09.07"]
[SourceVersion "1"]
[SourceVersionDate "2020.09.07"]
[SourceQuality "2"]

1. d4 Nf6 2. Nf3 b6 3. Bg5 Bb7 4. Nbd2 e6 5. e3 h6 6. Bh4 Be7 7. c3 c5 8. Bd3
Nc6 9. O-O O-O 10. a3 d6 11. Qe2 Nh5 12. Bxe7 Qxe7 13. Ba6 Bxa6 14. Qxa6 Nf6
15. b4 Rac8 16. bxc5 dxc5 17. c4 Na5 18. Rfb1 Rfd8 19. Nb3 Nxb3 20. Rxb3 cxd4
21. exd4 Qc7 22. Rc1 Ne4 23. h3 Ng5 24. Nxg5 hxg5 25. Rd3 Rd5 1/2-1/2

[Event "London PD/GLC Knights"]
[Site "London, County Hall"]
[Date "1984.05.08"]
[Round "13"]
[White "Cox, John J"]
[Black "McKay, Roderick M"]
[Result "1/2-1/2"]
[WhiteElo "2350"]
[BlackElo "2355"]
[PlyCount "84"]
[EventDate "1984.04.26"]
[EventType "tourn"]
[EventRounds "15"]
[EventCountry "ENG"]
[EventCategory "4"]
[SourceTitle "BritBase"]
[Source "John Saunders"]
[SourceDate "2020.09.07"]
[SourceVersion "1"]
[SourceVersionDate "2020.09.07"]
[SourceQuality "2"]

1. e4 c5 2. Nf3 d6 3. d4 cxd4 4. Nxd4 Nf6 5. Nc3 a6 6. a4 e6 7. Be2 Be7 8. O-O
O-O 9. Be3 Nc6 10. f4 Bd7 11. Nb3 Rc8 12. Bf3 e5 13. f5 Nb4 14. a5 Bc6 15. Rf2
d5 16. Bb6 Qd7 17. exd5 Nbxd5 18. Nxd5 Bxd5 19. Rd2 Bxf3 20. Qxf3 Qb5 21. Qxb7
Bb4 22. c3 Rb8 23. Qf3 Be7 24. Qd1 h5 25. Qc2 Rfc8 26. Re1 h4 27. h3 e4 28. Nd4
Qe5 29. Qa4 Bd6 30. Nf3 Qf4 31. Be3 Qxf5 32. Rxd6 exf3 33. Rf1 Rxb2 34. Rxf3
Qg6 35. Rd2 Rb1+ 36. Rf1 Ne4 37. Rxb1 Nxd2 38. Rd1 Nf3+ 39. Kh1 Qe6 40. Qd7
Qxd7 41. Rxd7 Ne5 42. Ra7 Rxc3 1/2-1/2

[Event "London PD/GLC Knights"]
[Site "London, County Hall"]
[Date "1984.05.08"]
[Round "13"]
[White "Hartoch, Robert"]
[Black "Lawton, Geoffrey W"]
[Result "1/2-1/2"]
[WhiteElo "2355"]
[BlackElo "2395"]
[PlyCount "33"]
[EventDate "1984.04.26"]
[EventType "tourn"]
[EventRounds "15"]
[EventCountry "ENG"]
[EventCategory "4"]
[SourceTitle "BritBase"]
[Source "John Saunders"]
[SourceDate "2020.09.07"]
[SourceVersion "1"]
[SourceVersionDate "2020.09.07"]
[SourceQuality "2"]

1. e4 c5 2. Nc3 Nc6 3. g3 g6 4. Bg2 Bg7 5. d3 d6 6. Be3 Nd4 7. Nd5 e6 8. Nf4
Ne7 9. c3 Ndc6 10. Nf3 O-O 11. O-O b6 12. Re1 e5 13. Nd5 Nxd5 14. exd5 Ne7 15.
Qb3 Bb7 16. c4 Qc7 17. Bd2 1/2-1/2

[Event "London PD/GLC Knights"]
[Site "London, County Hall"]
[Date "1984.05.08"]
[Round "13"]
[White "Jackson, Sheila"]
[Black "Nicholson, John G"]
[Result "0-1"]
[WhiteElo "2185"]
[BlackElo "2260"]
[PlyCount "72"]
[EventDate "1984.04.26"]
[EventType "tourn"]
[EventRounds "15"]
[EventCountry "ENG"]
[EventCategory "4"]
[SourceTitle "BritBase"]
[Source "John Saunders"]
[SourceDate "2020.09.07"]
[SourceVersion "1"]
[SourceVersionDate "2020.09.07"]
[SourceQuality "2"]

1. e4 c5 2. c3 Nf6 3. e5 Nd5 4. d4 cxd4 5. cxd4 e6 6. a3 b6 7. Nf3 Bb7 8. Bd3
Be7 9. O-O O-O 10. Bd2 f5 11. Nc3 Nxc3 12. bxc3 Qe8 13. a4 Nc6 14. Rb1 Rc8 15.
c4 d6 16. exd6 Bxd6 17. c5 Bc7 18. cxb6 axb6 19. Bc4 Qg6 20. g3 Ne7 21. Re1 Nd5
22. Qe2 Rf6 23. a5 f4 24. Ne5 fxg3 25. fxg3 $6 (25. Nxg6 $5 gxh2+ (25... gxf2+
26. Qxf2 Rxg6+ 27. Kf1 (27. Kh1 Ne3+ 28. d5 Nxc4 29. Rb5 Nd6 $19) 27... Rf8 28.
Qxf8+ Kxf8 29. a6 $16) 26. Kh1 Nc3+ (26... Ne3+ 27. d5 Nxc4 28. Ne7+ Kf7 29.
Bg5 $18) 27. d5 Nxe2 28. Ne7+ $18) 25... Bxe5 26. dxe5 Rff8 27. Bd3 Qe8 28.
axb6 Qe7 29. Be4 g6 30. Qb5 Qg7 31. Qb2 $16 Rc4 32. Bd3 Rc6 33. Be3 $2 Nc3 34.
Bb5 Qxe5 $1 35. Bf2 (35. Bxc6 Bxc6 36. b7 Qd5 37. Bf4 Qh1+ 38. Kf2 Qg2+ 39. Ke3
Qf3+ 40. Kd4 (40. Kd2 Rd8+ 41. Kc2 Ba4+) 40... Rd8+ 41. Kc5 Na4+) 35... Qd5 $19
36. Qb3 Rc4 0-1

[Event "London PD/GLC Knights"]
[Site "London, County Hall"]
[Date "1984.05.08"]
[Round "13"]
[White "Johansen, Darryl Keith"]
[Black "Arkell, Keith C"]
[Result "1-0"]
[WhiteElo "2475"]
[BlackElo "2295"]
[PlyCount "81"]
[EventDate "1984.04.26"]
[EventType "tourn"]
[EventRounds "15"]
[EventCountry "ENG"]
[EventCategory "4"]
[SourceTitle "BritBase"]
[Source "John Saunders"]
[SourceDate "2020.09.07"]
[SourceVersion "1"]
[SourceVersionDate "2020.09.07"]
[SourceQuality "2"]

1. c4 e5 2. Nc3 Nc6 3. g3 f5 4. Bg2 Nf6 5. e3 Bb4 6. Nge2 O-O 7. O-O Bxc3 8.
Nxc3 f4 9. d4 fxg3 10. fxg3 d6 11. d5 Ne7 12. e4 Bg4 13. Qb3 b6 14. h3 Bd7 15.
Bg5 Qe8 16. Nb5 Bxb5 17. cxb5 Qg6 18. Qe3 h6 19. Bh4 Qh5 20. Bxf6 Rxf6 21. Rxf6
gxf6 22. Rc1 Rc8 23. Kh2 f5 24. Rc4 f4 25. gxf4 Ng6 26. Bf3 Qh4 27. Bg4 exf4
28. Qg1 Rf8 29. Bf5 Rf6 30. Bxg6 Qg3+ 31. Qxg3 fxg3+ 32. Kxg3 Rxg6+ 33. Kf3
Rf6+ 34. Ke3 Rf7 35. Ra4 Kg7 36. Rxa7 Kf6 37. a4 Ke5 38. a5 Rf4 39. axb6 Rxe4+
40. Kf3 Kxd5 41. b7 1-0

[Event "London PD/GLC Knights"]
[Site "London, County Hall"]
[Date "1984.05.08"]
[Round "13"]
[White "Large, Peter G"]
[Black "Crouch, Colin S"]
[Result "1-0"]
[WhiteElo "2295"]
[BlackElo "2300"]
[PlyCount "133"]
[EventDate "1984.04.26"]
[EventType "tourn"]
[EventRounds "15"]
[EventCountry "ENG"]
[EventCategory "4"]
[SourceTitle "BritBase"]
[Source "John Saunders"]
[SourceDate "2020.09.07"]
[SourceVersion "1"]
[SourceVersionDate "2020.09.07"]
[SourceQuality "2"]

1. e4 c5 2. Nf3 d6 3. d4 cxd4 4. Nxd4 Nf6 5. Nc3 Nc6 6. Be2 e5 7. Nb3 Be7 8.
O-O O-O 9. Kh1 a5 10. a4 Nb4 11. f4 b6 12. Bf3 Bb7 13. Be3 exf4 14. Bxf4 Rc8
15. Nd4 Rc4 16. Nf5 d5 17. Be2 Rc8 18. e5 Ne4 19. Nxe4 dxe4 20. Qxd8 Bxd8 21.
c3 Nd3 22. Bxd3 exd3 23. Nd6 Rc7 24. Nxb7 Rxb7 25. Rf3 b5 26. Rxd3 bxa4 27. Rd2
g5 28. Be3 Rb5 29. Bd4 Re8 30. Rxa4 f6 31. c4 Rb3 32. Bc3 Bc7 33. h3 fxe5 (
33... Bxe5 34. Re2 $14) 34. Rd7 Rc8 35. Bxa5 Bxa5 36. Rxa5 Rxb2 37. Rxe5 h6 38.
Re6 Rc2 39. Rg6+ Kf8 40. Rxh6 Kg8 41. Rg6+ Kf8 42. Rd4 R8xc4 43. Rxc4 Rxc4 44.
Rxg5 Kf7 45. Ra5 Kg6 46. Kh2 Rb4 47. g4 Rb2+ 48. Kg3 Rb3+ 49. Kh4 Rc3 50. Ra6+
Kg7 51. g5 Rb3 52. Kg4 Rb4+ 53. Kh5 Rb8 54. Ra7+ Kg8 55. h4 Rc8 56. Kh6 Rb8 57.
h5 Rc8 58. Rg7+ Kh8 59. Rf7 Kg8 60. Rf6 Ra8 61. g6 Ra7 62. Kg5 Ra5+ 63. Rf5 Ra1
64. Rb5 Ra8 65. h6 Rf8 66. h7+ Kh8 67. Kh6 1-0

[Event "London PD/GLC Knights"]
[Site "London, County Hall"]
[Date "1984.05.09"]
[Round "14"]
[White "Fischdick, Gisela"]
[Black "McNab, Colin Anderson"]
[Result "0-1"]
[WhiteElo "2215"]
[BlackElo "2375"]
[PlyCount "144"]
[EventDate "1984.04.26"]
[EventType "tourn"]
[EventRounds "15"]
[EventCountry "ENG"]
[EventCategory "4"]
[SourceTitle "BritBase"]
[Source "John Saunders"]
[SourceDate "2020.09.07"]
[SourceVersion "1"]
[SourceVersionDate "2020.09.07"]
[SourceQuality "2"]

1. c4 g6 2. g3 Bg7 3. Bg2 e5 4. Nc3 Ne7 5. Nf3 Nbc6 6. O-O O-O 7. d3 f5 8. Rb1
d6 9. Nd5 Nxd5 10. cxd5 Ne7 11. Qb3 h6 12. Bd2 g5 13. Rbc1 Ng6 14. Qc4 Rf7 15.
Ne1 h5 16. b4 h4 17. a4 Bf6 18. b5 Qf8 19. f4 exf4 20. gxf4 h3 21. Bh1 gxf4 22.
Bf3 Ne5 23. Qxf4 Rg7+ 24. Kh1 Qe7 25. Rg1 Ng4 26. Bxg4 fxg4 27. e4 Be5 28. Qh6
Qf7 29. Qe3 Qf6 30. Nc2 Rf7 31. d4 Bf4 32. Qxf4 Qxf4 33. Bxf4 Rxf4 34. Rce1 Bd7
35. Rgf1 Raf8 36. Kg1 Be8 37. Rxf4 Rxf4 38. e5 Bg6 39. e6 Bxc2 40. e7 Bg6 41.
e8=Q+ Bxe8 42. Rxe8+ Kf7 43. Rc8 Rxd4 44. Rxc7+ Kf6 45. a5 Ra4 46. Rxb7 Rxa5
47. Kf2 Kg5 48. Rg7+ Kf4 49. Rf7+ Ke5 50. Kg3 Ra4 51. Rg7 Kxd5 52. Rg5+ Kc4 53.
Rxg4+ Kxb5 54. Rg5+ Kc4 55. Kxh3 d5 56. Kg3 Ra3+ 57. Kf4 Rh3 58. Rg7 a5 59. Ra7
Rxh2 60. Rxa5 Re2 61. Ra4+ Kb5 62. Kf3 Re8 63. Ra1 d4 64. Rc1 Kb4 65. Kf2 d3
66. Rc7 d2 67. Rd7 Kc3 68. Rc7+ Kd3 69. Rd7+ Kc2 70. Rc7+ Kd1 71. Rd7 Rc8 72.
Ke3 Kc1 0-1

[Event "London PD/GLC Knights"]
[Site "London, County Hall"]
[Date "1984.05.09"]
[Round "14"]
[White "Lawton, Geoffrey W"]
[Black "Jackson, Sheila"]
[Result "1-0"]
[WhiteElo "2395"]
[BlackElo "2185"]
[Annotator "Arkell/BCM"]
[PlyCount "65"]
[EventDate "1984.04.26"]
[EventType "tourn"]
[EventRounds "15"]
[EventCountry "ENG"]
[EventCategory "4"]
[SourceTitle "BritBase"]
[Source "John Saunders"]
[SourceDate "2020.09.07"]
[SourceVersion "1"]
[SourceVersionDate "2020.09.07"]
[SourceQuality "2"]

1. d4 Nf6 2. c4 e6 3. Nf3 Bb4+ 4. Bd2 c5 5. Bxb4 cxb4 6. Nbd2 O-O 7. e4 d6 8.
Bd3 Qe7 9. e5 dxe5 10. dxe5 Nfd7 11. Qc2 b6 12. O-O-O Nc6 13. Rhe1 h6 14. g4
Bb7 15. g5 hxg5 16. Rg1 Rfd8 17. Rde1 Nc5 18. Bh7+ Kf8 19. Nxg5 b3 $1 20. Nxb3
Nb4 21. Qe2 Nxa2+ 22. Kb1 Nxb3 23. Qh5 Nb4 24. Re3 Nd2+ 25. Ka1 Qd7 26. Ra3
Nxc4 27. Bb1 Nd5 $2 (27... Nxa3 $10 28. Nh7+ $140 Ke8 29. Nf6+ gxf6 30. Qh8+
Ke7 31. Qxf6+ Kf8 32. Qh8+) 28. Nh7+ Ke8 29. Rxg7 Qe7 30. Rf3 Nxe5 31. Qxe5 Qh4
32. Qxe6+ $1 Qe7 33. Rg8# 1-0